МАРК-запис
| 000 -Лідер |
| fixed length control field |
06532nam a22002537a 4500 |
| 001 - Контрольний номер |
| control field |
58135 |
| 003 - Ідентифікатор контрольного номера |
| control field |
UA-OsUOA |
| 005 - Дата та час останнього входження (трансакції) |
| control field |
20230915101827.0 |
| 007 - Фіксоване поле фізичного опису |
| fixed length control field |
ta |
| 008 - Елементи даних фіксованої довжини – загальна інформація |
| fixed length control field |
20090127b un ||||| |||| 00| 0 ukr d |
| 040 ## - Джерело каталогізації |
| Агенція оригінальної каталогізації |
UA-OsUOA |
| Мова каталогізації |
rus |
| Агенція, яка здійснювала перезапис |
UA-OsUOA |
| Агенція, яка здійснювала модифікацію |
UA-OsUOA |
| 041 ## - Код мови |
| Код мови тексту/ звукової доріжки чи окремого заголовка (П) |
rus |
| 080 ## - Індекс Універсальної десяткової класифікації |
| Індекс Універсальної десяткової класифікації (УДК) (НП) |
008.2 |
| 090 ## - Локальний шифр розміщення |
| Класифікаційний індекс УДК |
008.2 |
| Авторський знак (НП) |
В80 |
| 245 ## - Відомості про назву |
| Назва (НП) |
Впереди ХХІ век: перспективы, прогнозы, футурологи |
| Дані про відповідальність (НП) |
ред. сост. и автор предисловия И. В. Бестужев-Лада |
| Решта назви (НП) |
антология современной классической прогностики.1952–1999 |
| 260 ## - Публікація, розповсюдження і т.п. (Вихідні дані) |
| Місце публікації, розповсюдження і т.п. (П) |
М. |
| Ім’я/ наймення видавництва, розповсюджувача і т.п. (П) |
Academia |
| Дата публікації, розповсюдження і т.п. (П) |
2000 |
| 300 ## - Фізичний опис |
| Обсяг |
480 с. |
| 505 00 - Форматована примітка про зміст |
| Форматована примітка про зміст |
СОДЕРЖАНИЕ<br/>Футурология: триумф и трагедия (В.В.Кузин) .. 5 <br/>Обязательное предисловие (И.В. Бестужев-Лада) . 8 <br/>Что мы знаем о XXI веке? И каким образом? (И.В. Бестужев-Лада) .. 24 <br/>Аве, Ромео (И.В. Бестужев-Лада) . 51 <br/>Проблемы 90-х (Э. Корниш) .. 61 <br/>Будущее уже началось (Р. Юнгк) .. 77 <br/>Заглядывая в завтрашний день (Ф. Триппетт) .. 87 <br/>Прогнозы на новое тысячелетие (Н. Тил) .. 91 <br/>Долгосрочное глобальное прогнозирование (Т. Гордон, О. Гелмер) .. 95 <br/>Сетевые средства связи: двенадцать способов изменить нашу жизнь (С. Каннингэм, А. Портер) .. 100 <br/>Искусство предположения (Б. деЖувенель) .. 110 <br/>Транспорт завтрашнего дня (Майкл Реннер) .. 135 <br/>40 000 часов (Ж. Фурастье) .. 141 <br/>Список профессий будущего .. 162 <br/>Новые технологии: что нас ждет в 2001—2030 гг. (У. Халал, М. Кулл, Э. Лефманн) .. 166 <br/>Наступление постиндустриального общества (Д. Белл) .. 169 <br/>Тенденции, потрясшие мир (М. Сетрон, О. Дэвис) .. 184 <br/>Кибербудущее (Э. Корниш) .. 200 <br/>Образ будущего (Ф. Полак) .. 220 <br/>Очень вероятное будущее (Дж. Коатс) .. 233 <br/>Будущее будущего (Дж. МакГейл) .. 244 <br/>Наиболее перспективные специальности в Америке .. 256 <br/>50 наиболее перспективных специальностей в Америке на 1988-2000 гг. .. 258 <br/>Футурология: борьба за будущее (О. Флехтгейм) .. 260 <br/>Четыре образа грядущего столетия: путь к звездам, экотопия, большое правительство или Безумный Макс? (Р. Костанца) .. 288 <br/>Истинные миры. Транснациональная перспектива (И. Галтунг) .. 300 <br/>Восемь прогнозов для банковской системы США (Б. Бекуит).308<br/>Прогнозирование и научно-техническое проектирование (Э. Янч)..321<br/>10 передовых технологий на ближайшие 10 лет (Д.Е. Олесен).331<br/>Год 2000 (Г. Кан, А. Винер)..340<br/>Военные прогнозисты (Э. Купер, С. Шейкер).. . 354<br/>Футурошок (А. Тоффлер)...365<br/>Футуропшик (Дж. Нахман)..369<br/>Третья Волна (А. Тоффлер)..373<br/>Новое тысячелетие: тренды и прогнозы (Г.Т. Молитор)..384<br/>Пределы роста (Д. Медоуз и др.).396<br/>Шестнадцать последствий роста населения Земли (Л. Браун, Г. Гарднер, Б. Халвейл)...419 <br/>Человеческие качества (А. Печчеи)..431<br/>Во что верят футурологи: с чем соглашаются и с чем спорят (Дж. Коатс, Дж. Джерретт)..446 <br/>Парадигмы прогресса (Г. Гендерсон)...458<br/>Города в 2000 году (Р. Кемп).472<br/>Будущее семьи (Дж. Коатс)..476<br/>Мегатренды на перспективу до 2000 года (Дж. Найсбитт) . . . 486<br/>Ближайшие сто лет архитектуры (У. Зак, Т. Зак)..489<br/>Универсальные человеческие ценности (Р. Кидцер)..498<br/>Следующие 30 лет (Э. Корниш)..502<br/>Вопросы о будущем человечества...506 |
| 520 00 - Резюме і т.п. |
| Резюме, реферат, анотація, тощо (НП) |
Книга представляет собой первую в мире антологию прогностики. Здесь подводится итог исследований будущего и дается яркая картина предстоящей жизни людей в XXI веке. Антология составлена из наиболее интересных разделов работ самых знаменитых футурологов. В ряде случаев мировые сенсации минувших лет. Представлены также сводки конкретных прогнозов на обозримое будущее, регулярно публиковавшиеся в журнале «Футурист» — органе крупнейшей международной организации футурологов. Книга иллюстрирована «картинами будущего» — как современных художников, так и известного французского карикатуриста XIX века А. Робиды, который прозорливо и смешно предвосхитил многие черты жизни своих потомков в конце XX века.<br/>Рассчитана на широкий круг читателей, не обязательно специалистов в области исследований будущего. |
| 650 #7 - Додаткове предметне введення – тематичний термін |
| Тематичний термін чи географічна назва, як елемент введення (НП) |
008 Цивілізація. Культура. Прогрес |
| Джерело заголовка чи терміна |
UDC |
| 942 ## - Додаткові елементи входу (Коха) |
| Тип елемента Koha |
Книги |
| Source of classification or shelving scheme |
Universal Decimal Classification |
| 955 ## - Код типу видання за змістом |
| Код типу видання за змістом (НП) |
Навчальні видання |